DIFFERENTIAL CALCULUS FOR COMPETITIONS (Record no. 9254)
[ view plain ]
| 000 -LEADER | |
|---|---|
| fixed length control field | 00645nam a22001577a 4500 |
| 003 - CONTROL NUMBER IDENTIFIER | |
| control field | SGT |
| 020 ## - INTERNATIONAL STANDARD BOOK NUMBER | |
| International Standard Book Number | 9788121925136 |
| 082 ## - DEWEY DECIMAL CLASSIFICATION NUMBER | |
| Classification number | 515.3 |
| 100 ## - MAIN ENTRY--PERSONAL NAME | |
| Personal name | NARAYAN, SHANTI |
| 245 ## - TITLE STATEMENT | |
| Title | DIFFERENTIAL CALCULUS FOR COMPETITIONS |
| 260 ## - PUBLICATION, DISTRIBUTION, ETC. (IMPRINT) | |
| Place of publication, distribution, etc | NEW DELHI |
| Name of publisher, distributor, etc | S. CHAND |
| Year of Publication | 2005 |
| 300 ## - PAGE DESCRIPTION | |
| No. of Pages | 402 |
| 650 ## - SUBJECT ADDED ENTRY--TOPICAL TERM | |
| Topical term or geographic name as entry element | DIFFERENTIAL CALCULUS FOR COMPETITIONS |
| 700 ## - ADDED ENTRY--PERSONAL NAME | |
| Personal name | REAL NUMBERS |FUNCTIONS AND GRAPHS-ELEMENTARY FUNCTIONS |CONTINUITY |DIFFERENTIATION |SUCCESSIVE DIFFERENTIATION |TANGENTS AND NORMALS |MEAN VALUE THEOREMS |MAXIMA AND MINIMA |INDETERMINATE FORMS |MONOTONOCITY AND DERIVATIVE AS THE RATE OF CHANGE |SELF ASSESSMENT |
| 942 ## - ADDED ENTRY ELEMENTS (KOHA) | |
| Source of classification or shelving scheme | Dewey Decimal Classification |
| Koha item type | FPS Books |
| Withdrawn status | Lost status | Source of classification or shelving scheme | Damaged status | Not for loan | Collection code | Home library | Current library | Shelving location | Date acquired | Vendor Name | Cost, normal purchase price | SGTU | Bill Number | Full call number | Accession No. (Barcode) | Date last seen | Bill Date | Koha item type | Total Checkouts | Date last borrowed |
|---|---|---|---|---|---|---|---|---|---|---|---|---|---|---|---|---|---|---|---|---|
| Dewey Decimal Classification | Not For Loan | SCIENCE | SGT Science & Social Sciences Library | SGT Science & Social Sciences Library | Reference Book | 27/06/2016 | KIRTI PRKASHAN | 200.00 | SGTU | 3243 | 515.3 | PS1402 | 27/06/2016 | FPS Books | ||||||
| Dewey Decimal Classification | SCIENCE | SGT Science & Social Sciences Library | SGT Science & Social Sciences Library | Text Book | 27/06/2016 | KIRTI PRKASHAN | 200.00 | SGTU | 3243 | 515.3 | PS1403 | 19/04/2025 | FPS Books | 4 | 19/04/2025 |